Vista normal
Vista MARC
Entrada Materia (tema)
Número de registros utilizados en: 2
001 - CONTROL NUMBER
- control field: 100435
003 - CONTROL NUMBER IDENTIFIER
- control field: Co-BoUCM
005 - DATE AND TIME OF LATEST TRANSACTION
- control field: 20200313090757.0
008 - FIXED-LENGTH DATA ELEMENTS
- fixed length control field: 200313|| aca||aabn | a|a d
040 ## - CATALOGING SOURCE
- Original cataloging agency: Co-BoUCM
- Transcribing agency: Co-BoUCM
150 ## - HEADING--TOPICAL TERM
- Topical term or geographic name as entry element: Mujeres embarazadas
- General subdivision: Ejercicio físico
670 ## - SOURCE DATA FOUND
- Source citation: Work cat.: (Co-BoUCM)317096: Calvo Mínguez, Juan Bosco 67288, Método pilates durante el embarazo, el parto y el posparto , 2019